|
|
|
|
| LEADER |
00000nam a2200000 a 4500 |
| 001 |
vtls008328450 |
| 003 |
SK-MaSNL |
| 005 |
20260302003730.0 |
| 008 |
181128s1963 xo 000 slo |
| 015 |
|
|
|a SKSNBA1969/09-01832
|
| 035 |
|
|
|a SK01SNK19690020667
|
| 035 |
|
|
|a SKM000023130
|
| 040 |
|
|
|a SNK
|b slo
|c SNK
|e AACR2
|
| 041 |
0 |
|
|a slo
|
| 044 |
|
|
|a xo
|c SK
|
| 080 |
|
|
|a 627.74:331.875(047.3)
|2 1981
|
| 245 |
1 |
0 |
|a Vývoj mechanizačných prostriedkov pre údržbu malých a stredných vodných tokov a kanálov
|b záverečná zpráva rezortnej úlohy technického rozvoja
|n č. 3. - A - 11- 5
|c vedúci úlohy: Ján Zlocha
|
| 260 |
|
|
|a Bratislava
|b Riaditeľstvo vodohospodárskeho rozvoja
|c 1963
|e Bratislava
|f Z[ápadoslovenské] T[lačiarne] 42
|
| 300 |
|
|
|a 69, [3] s.
|c 8°
|
| 500 |
|
|
|a Ilustr. Zozn. použ. lit. Tb. Fot. Schémy
|
| 650 |
0 |
7 |
|a vodné kanály
|2 SNKPH
|9 83940
|
| 650 |
0 |
7 |
|a vodné toky
|2 SNKPH
|9 3750
|
| 650 |
0 |
7 |
|a mechanizačné prostriedky
|2 SNK
|9 376759
|
| 655 |
|
7 |
|a výskumné správy
|2 SNKPH
|9 70491
|
| 700 |
1 |
|
|a Zlocha, Ján
|4 rtm
|9 642828
|
| 852 |
|
|
|a Slovenská národná knižnica v Martine
|b 10000
|h SD 35996
|
| 852 |
|
|
|a Slovenská národná knižnica v Martine
|b 10000
|h SD 35996 D1
|
| 958 |
|
|
|a RM
|
| 958 |
|
|
|a RK
|
| 958 |
|
|
|a NB
|
| 958 |
|
|
|a OND
|
| 999 |
|
|
|c 993113
|d 995043
|
| 952 |
|
|
|a SNK
|b SNK
|y PREZ
|7 0
|p 17A0883823
|o snkSD 35996
|0 0
|1 0
|4 0
|d 2013-08-12
|l 0
|r 2026-02-24 11:55:22
|w 2026-02-24
|
| 952 |
|
|
|t P60, <04>, [BOOK], {604}
|a SNK
|b SNK
|y VYP
|7 0
|p 17A0015672
|o snkSD 35996 D1
|0 0
|1 0
|4 0
|d 1996-10-25
|l 0
|r 2005-01-01 00:00:00
|w 2026-02-24
|